000 00263nam a22001217a 4500
008 170613b xxu||||| |||| 00| 0 eng d
041 _aeng
080 _a94
100 _a17
101 _aSHH
245 _aTHE LIMITS OF INTERVENTION
_cHOOPES,T
942 _2udc
_cBK
999 _c17173
_d17173